| 000 | 00979nam a2200265 a 4500 | ||
|---|---|---|---|
| 999 |
_c11477 _d11477 |
||
| 001 | 11477 | ||
| 003 | BD-JhCC | ||
| 005 | 20220322134023.0 | ||
| 008 | 190625b 2016bg |||| ||a| 000 0 ben d | ||
| 020 | _a7789849II235II | ||
| 035 | _a(BD-JhCC)14477 | ||
| 040 |
_aBD-JhCC _dBD-JhCC |
||
| 041 | _aben | ||
| 082 |
_a297.0922 _bNAD 2016 |
||
| 100 | _aনদভী, সাইয়েদ আবুল হাসান আলী | ||
| 245 |
_aসংগ্রামী সাধকদের ইতিহাস / _cঅনু: আবু সাঈদ মুহাম্মদ ওমর আলী । |
||
| 260 |
_aঢাকা: _bমাকতাবাতুল হেরা; _c২০১৬. |
||
| 300 |
_a৫৪২ পৃ. : _c২২ সেমি. |
||
| 650 | _aMuslim Scholars | ||
| 650 | _aIslamic History | ||
| 650 | _aMuslims Philosophrs | ||
| 700 | _aআলী, আবু সাঈদ মুহাম্মদ ওমর | ||
| 942 |
_2ddc _cBK _021 |
||